000 00466nam a2200181 a 4500
001 1772014066576
003 YourLibrary
005 20260225154030.0
008 260225s2008##################000#0#eng##
020 _a9788190428521
082 0 4 _a320.954
_bBHO
100 1 _aBhonsle, Rahul K.,
_eauthor.
245 1 0 _aSouth Asia :
260 _bVij Books India,
_c2008.
650 0 _aPolitical Science.
942 _cENGLISH
040 _aYourLibrary
_beng
_cYourLibrary
999 _c615791
_d615791